Catalog

Record Details

Catalog Search



God, Revelation and Authority : Vol.II. God Who Speaks and Shows Fifteen Theses, Part One Cover Image Book Book

God, Revelation and Authority : Vol.II. God Who Speaks and Shows Fifteen Theses, Part One Carl F.H. Henry

Henry, Carl F.H. (Author).

Record details

  • ISBN: 0-87680-485-7
  • Physical Description: 373 p.
  • Edition: First Printing
  • Publisher: Waco, Texas Word Books, Publisher 1976

Available copies

  • 1 of 1 copy available at Common Catalog SPOK.

Holds

  • 0 current holds with 1 total copy.
Show Only Available Copies
Location Call Number / Copy Notes Barcode Shelving Location Status Due Date
ETS Library 230.044 424470012166 Volný výběr Available -

LDR 00733nam a2 00253
00143156
003CZ-PrJAB
00520100802000000.0
008100802s1976 xxu e |||| |eng
009us
020 . ‡a0-87680-485-7
035 . ‡a(CONS)3259
035 . ‡aKPS13444
040 . ‡aABG450
041 . ‡aeng
08214. ‡a230.044
100 . ‡77176 ‡aHenry, Carl F.H.
245 . ‡aGod, Revelation and Authority : ‡bVol.II. God Who Speaks and Shows Fifteen Theses, Part One ‡cCarl F.H. Henry
250 . ‡aFirst Printing
260 . ‡aWaco, Texas ‡bWord Books, Publisher ‡c1976
300 . ‡a373 p.
653 . ‡aGod, Revelation and Authority
8524 . ‡bETS ‡bETS ‡cVolný výběr ‡j230.044 ‡gA ‡p424470012166
910 . ‡aABG450
999 . ‡a3259 ‡bAUTOGEN ‡c3259 ‡tbiblio
905 . ‡uadmin
901 . ‡a43156 ‡b ‡c43156 ‡tbiblio ‡sets

Additional Resources